| 000 | 01725nam0a2200325 i 4500 | ||
|---|---|---|---|
| 001 | RU\NLR\BIBL_A\010812553 | ||
| 005 | 20241102235844.0 | ||
| 010 |
_a9785321024171 _9100 |
||
| 021 |
_aRU _b2015-48129 _92861 |
||
| 021 |
_aRU _b2015-48129 _93346 |
||
| 035 | _a(NILC)RuMoRGB-007967333 | ||
| 035 | _a(NLR Aleph) 010812553 | ||
| 090 |
_a10209082 _c10209082 |
||
| 100 | _a20150803d2014 um y0rusy50 ca | ||
| 101 | 0 | _arus | |
| 102 | _aRU | ||
| 105 | _aa|||j||||00yy | ||
| 200 | 1 |
_aИспытания футбольных полей с искусственными покрытиями _e[учебное пособие] _fК. Ю. Лебедев, В. М. Кормышев _gМ-во образования и науки Российской Федерации, Уральский федеральный ун-т им. первого Президента России Б. Н. Ельцина, [Ин-т физической культуры, спорта и молодежной политики] |
|
| 210 |
_aЕкатеринбург _cУрФУ _d2014 |
||
| 215 |
_a133 с. _cил. _d20 |
||
| 606 |
_aФутбольные поля _jУчебные издания для высших учебных заведений _91849772 _3RU\NLR\AUTH\661129468 |
||
| 610 | 0 | _aискусственные покрытия футбольных полей | |
| 686 | 1 | _aЧ515.781.9я73 | |
| 700 | 1 |
_aЛебедев _bК. Ю. _cспортив. эксперт _gКонстантин Юрьевич _9147581 _3RU\NLR\AUTH\770147617 |
|
| 701 | 1 |
_aКормышев _bВ. М. _gВалентин Михайлович |
|
| 801 | 0 |
_aRU _bРГБ _c20150702 _gRCR |
|
| 942 | _cBOOK | ||
| 980 | _aNBR | ||